| 000 | 00353nam a2200133 a 4500 | ||
|---|---|---|---|
| 005 | 20140414131904.0 | ||
| 008 | 100922s19uu xx 00 eng d | ||
| 050 |
_aFIC _bM36 1989 |
||
| 100 | _aMartin, Ann | ||
| 245 | _aMallory and the mystery diary. | ||
| 260 |
_aNew York : _bScholastic , _c1989. |
||
| 440 | _aThe Baby-Sitters Club | ||
| 999 |
_c110812 _d110812 |
||